Soziale Arbeit als Wissenschaft: eine Orientierung
| 1. VerfasserIn: | |
|---|---|
| Medienart: | Druck Buch |
| Sprache: | Deutsch |
| Veröffentlicht: |
Freiburg im Breisgau
Lambertus-Verl.
1992
|
| In: | Jahr: 1992 |
| Online-Zugang: |
Inhaltsverzeichnis Inhaltsverzeichnis |
| Bestand in Tübingen: | In Tübingen vorhanden. IFK: O X 438 |
| Verfügbarkeit prüfen: | HBZ Gateway |
| Subito Bestelldienst: | Jetzt bestellen. |
| Schlagwörter: |
MARC
| LEADER | 00000cam a2200000 c 4500 | ||
|---|---|---|---|
| 001 | 276979060 | ||
| 003 | DE-627 | ||
| 005 | 20260206194419.0 | ||
| 007 | tu | ||
| 008 | 920324s1992 gw ||||| 00| ||ger c | ||
| 015 | |a 92,N14,0128 |2 dnb | ||
| 015 | |a 92,A34,0305 |2 dnb | ||
| 016 | 7 | |a 920439284 |2 DE-101 | |
| 020 | |a 3784105963 |9 3-7841-0596-3 | ||
| 035 | |a (DE-627)276979060 | ||
| 035 | |a (DE-603)019747039 | ||
| 035 | |a (DE-576)027726584 | ||
| 035 | |a (DE-599)GBV276979060 | ||
| 035 | |a (OCoLC)231300052 | ||
| 035 | |a (OCoLC)28706738 | ||
| 035 | |a (OCoLC)28706738 | ||
| 040 | |a DE-627 |b ger |c DE-627 |e rakwb | ||
| 041 | |a ger | ||
| 044 | |c XA-DE | ||
| 050 | 0 | |a HV40 | |
| 084 | |a 14 |a 64 |2 sdnb | ||
| 084 | |a 14 |2 sdnb | ||
| 084 | |a 14 |2 sdnb | ||
| 084 | |a 14 |a 18 |2 sdnb | ||
| 084 | |a MS 6470 |2 rvk |0 (DE-625)rvk/123756: | ||
| 084 | |a DS 4100 |2 rvk |0 (DE-625)rvk/19939: | ||
| 084 | |a DS 4000 |2 rvk |0 (DE-625)rvk/19938: | ||
| 084 | |a BL 6126 |2 rvk |0 (DE-625)rvk/12227: | ||
| 084 | |a 79.02 |2 bkl | ||
| 100 | 1 | |a Engelke, Ernst |d 1941- |0 (DE-588)120765926 |0 (DE-627)080875734 |0 (DE-576)160867223 |4 aut | |
| 109 | |a Engelke, Ernst 1941- | ||
| 245 | 1 | 0 | |a Soziale Arbeit als Wissenschaft |b eine Orientierung |c Ernst Engelke |
| 264 | 1 | |a Freiburg im Breisgau |b Lambertus-Verl. |c 1992 | |
| 300 | |a 332 S. |b graph. Darst. |c 21 cm | ||
| 336 | |a Text |b txt |2 rdacontent | ||
| 337 | |a ohne Hilfsmittel zu benutzen |b n |2 rdamedia | ||
| 338 | |a Band |b nc |2 rdacarrier | ||
| 500 | |a Literaturverz. S. 315 - 328 | ||
| 583 | 1 | |a Archivierung/Langzeitarchivierung gewährleistet |f PEBW |x XA-DE-BW |2 pdager |5 DE-31 | |
| 648 | 7 | |a Geschichte |2 gnd | |
| 650 | 4 | |a Zusammenarbeit, Arm, Theorie | |
| 653 | 0 | |a Social service |a Methodology | |
| 689 | 0 | 0 | |d s |0 (DE-588)4055676-1 |0 (DE-627)106157159 |0 (DE-576)209114959 |a Sozialarbeit |2 gnd |
| 689 | 0 | 1 | |d s |0 (DE-588)4059787-8 |0 (DE-627)106142275 |0 (DE-576)209132256 |a Theorie |2 gnd |
| 689 | 0 | 2 | |a z |2 gnd |a Geschichte |
| 689 | 0 | |5 DE-101 | |
| 689 | 1 | 0 | |d s |0 (DE-588)4055676-1 |0 (DE-627)106157159 |0 (DE-576)209114959 |a Sozialarbeit |2 gnd |
| 689 | 1 | 1 | |d s |0 (DE-588)4059787-8 |0 (DE-627)106142275 |0 (DE-576)209132256 |a Theorie |2 gnd |
| 689 | 1 | 2 | |a z |2 gnd |a Geschichte |
| 689 | 1 | |5 (DE-627) | |
| 856 | 4 | 2 | |u http://www.gbv.de/dms/hebis-darmstadt/toc/19747039.pdf |m V:DE-603 |m B:DE-17 |q pdf/application |x Verlag |y Inhaltsverzeichnis |3 Inhaltsverzeichnis |7 1 |
| 856 | 4 | 2 | |u http://scans.hebis.de/HEBCGI/show.pl?01974703_toc.pdf |m V:DE-603;B:DE-17 |q application/pdf |3 Inhaltsverzeichnis |7 1 |
| 889 | |w (DE-627)025712780 | ||
| 935 | |i mdedup | ||
| 935 | |i Blocktest | ||
| 935 | |h HEB |i 0501 | ||
| 935 | |h HEB |i 0503 | ||
| 936 | r | v | |a MS 6470 |b Sozialarbeit; Hilfsorganisation, Rehabilitation, Sozialpädagogik, Resozialisierung, Bewährungshilfe |k Soziologie |k Spezielle Soziologien |k Soziale Probleme |k Sozialarbeit; Hilfsorganisation, Rehabilitation, Sozialpädagogik, Resozialisierung, Bewährungshilfe |0 (DE-627)1270651951 |0 (DE-625)rvk/123756: |0 (DE-576)200651951 |
| 936 | r | v | |a DS 4100 |b Sozialarbeitswissenschaft |k Pädagogik |k Sozialpädagogik, Sozialarbeit |k Theorie |k Sozialarbeitswissenschaft |0 (DE-627)1270784293 |0 (DE-625)rvk/19939: |0 (DE-576)200784293 |
| 936 | r | v | |a DS 4000 |b Allgemeines |k Pädagogik |k Sozialpädagogik, Sozialarbeit |k Theorie |k Allgemeines |0 (DE-627)1544333080 |0 (DE-625)rvk/19938: |0 (DE-576)474333086 |
| 936 | r | v | |a BL 6126 |b Sozialarbeitswissenschaft; Praxisforschung; Organisationswesen und Verwaltung; Management allgemein; Nonprofit-Organisation, Supervision, Case Management, Sozialmanagement, Sozialsponsoring, Fundraising usw. |k Theologie und Religionswissenschaften |k Christliche Gesellschaftslehre |k Staat |k Sozialarbeitswissenschaft; Praxisforschung; Organisationswesen und Verwaltung; Management allgemein; Nonprofit-Organisation, Supervision, Case Management, Sozialmanagement, Sozialsponsoring, Fundraising usw. |0 (DE-627)1270702246 |0 (DE-625)rvk/12227: |0 (DE-576)200702246 |
| 936 | r | u | |a DS 4000 |b Theorie |k Pädagogik |k Sozialpädagogik, Sozialarbeit |k Theorie |0 (DE-627)1270784285 |0 (DE-576)200784285 |z Ungueltig |
| 936 | b | k | |a 79.02 |j Theorie der Sozialpädagogik und Sozialarbeit |0 (DE-627)106406728 |
| 936 | s | n | |a b100 |2 mzub |
| 936 | s | n | |a d100 |2 mzub |
| 936 | s | n | |a m200 |2 mzub |
| 936 | s | n | |a q100 |2 mzub |
| 951 | |a BO | ||
| ELC | |b 1 | ||
| LOK | |0 000 xxxxxcx a22 zn 4500 | ||
| LOK | |0 001 3110587637 | ||
| LOK | |0 003 DE-627 | ||
| LOK | |0 004 276979060 | ||
| LOK | |0 005 20020607000000 | ||
| LOK | |0 008 930607||||||||||||||||ger||||||| | ||
| LOK | |0 040 |a DE-21-110 |c DE-627 |d DE-21-110 | ||
| LOK | |0 852 |a DE-21-110 | ||
| LOK | |0 852 1 |c O X 438 |m p |9 00 | ||
| LOK | |0 935 |a k110 | ||
| LOK | |0 936ln |a 4.3.1 | ||
| LOK | |0 938 |k p | ||
| LOK | |0 939 |a 07-06-93 |b l01 | ||
| ORI | |a SA-MARC-krimdoka001.raw | ||
| SIG | |a IFK: O X 438 | ||
